Statistics for NBA 2017-18 Leaders Per Team

Click here to take the quiz!

General Stats

  • This quiz has been taken 115 times
  • The average score is 61 of 93

Answer Stats

Team Answer % Correct
76ersJoel Embiid
100%
BucksGiannis Antetokounmpo
100%
CavaliersLeBron James
99%
76ersBen Simmons
99%
CelticsKyrie Irving
99%
GrizzliesMarc Gasol
96%
SpursPau Gasol
96%
HornetsKemba Walker
95%
CelticsAl Horford
95%
ClippersLou Williams
91%
BullsRobin Lopez
90%
LakersBrook Lopez
90%
BucksEric Bledsoe
90%
JazzRudy Gobert
90%
ClippersDeAndre Jordan
88%
HeatHassan Whiteside
88%
PelicansAnthony Davis
87%
RocketsJames Harden
87%
RaptorsDeMar DeRozan
86%
JazzDonovan Mitchell
86%
HeatGoran Dragic
86%
ThunderRussell Westbrook
84%
RaptorsKyle Lowry
83%
CelticsJayson Tatum
83%
WarriorsKevin Durant
83%
PacersVictor Oladipo
81%
Trail BlazersDamian Lillard
81%
SunsDevin Booker
79%
HornetsDwight Howard
79%
KnicksKristaps Porzingis
79%
WizardsJohn Wall
79%
NuggetsNikola Jokic
78%
ThunderPaul George
78%
TimberwolvesKarl-Anthony Towns
78%
TimberwolvesJimmy Butler
78%
MagicAaron Gordon
78%
PistonsAndre Drummond
78%
WarriorsDraymond Green
78%
RocketsClint Capela
77%
LakersLonzo Ball
77%
WizardsBradley Beal
77%
ThunderSteven Adams
77%
KingsDe'Aaron Fox
75%
PistonsIsh Smith
74%
JazzRicky Rubio
73%
HawksDennis Schroder
73%
BullsKris Dunn
71%
SpursLaMarcus Aldridge
71%
RaptorsJonas Valanciunas
71%
PelicansJrue Holiday
70%
PacersMyles Turner
70%
BullsLauri Markkanen
69%
MagicNikola Vucevic
68%
MavericksHarrison Barnes
68%
NuggetsGary Harris
68%
KingsBuddy Hield
66%
KnicksJarrett Jack
65%
WizardsMarcin Gortat
62%
LakersJulius Randle
62%
PelicansRajon Rondo
60%
TimberwolvesJeff Teague
60%
SunsJosh Jackson
57%
Trail BlazersJusuf Nurkic
57%
NetsJarrett Allen
56%
KingsWillie Cauley-Stein
56%
KnicksEnes Kanter
55%
HeatJosh Richardson
55%
WizardsOtto Porter
51%
BucksJohn Henson
49%
NetsSpencer Dinwiddie
48%
PacersDarren Collison
48%
PacersDomantas Sabonis
45%
HawksJohn Collins
45%
HawksKent Bazemore
45%
LakersKentavious Caldwell-Pope
43%
MavericksJ.J. Barea
39%
NuggetsMason Plumlee
34%
NetsCaris LeVert
34%
SunsAlex Len
34%
MagicD.J. Augustin
32%
KnicksCourtney Lee
30%
MagicBismack Biyombo
29%
SpursKyle Anderson
27%
BullsJerian Grant
27%
MavericksWesley Matthews
26%
NetsDeMarre Carroll
26%
RaptorsJakob Poeltl
18%
SunsMarquese Chriss
17%
MagicMario Hezonja
16%
MavericksSalah Mejri
16%
GrizzliesMario Chalmers
16%
Trail BlazersShabazz Napier
14%
SunsTyler Ulis
12%

Score Distribution

Percentile by Number Answered

Percent of People with Each Score

Your Score History

You have not taken this quiz